Obecná knižnica - možnosti a výzvy v dnešnej dobe

Podrobná bibliografia
Hlavný autor: Šimko, Ján, 1977- (Autor)
Médium: Článok
Jazyk:slovenčina
Fyzický popis:Obr.
Predmet:
On-line prístup:http://www.vkjb.sk/vkjb_zdroje/casopis_knihovnik/2006_03/11.pdf

MARC

LEADER 00000nab a2200000 a 4500
001 vtls008943071
003 SK-MaSNL
005 20260303235835.0
008 070206 2006 xo 000 0 slo
038 |a KEVKJB 
040 |a KEVKJB  |b slo  |c KEVKJB  |e AACR2 
041 0 |a slo 
044 |a xo  |c SK 
080 |a 027.52  |2 2001 
100 1 |a Šimko, Ján,  |d 1977-  |4 aut  |9 194683 
245 1 0 |a Obecná knižnica - možnosti a výzvy v dnešnej dobe  |c Ján Šimko 
300 |a Obr. 
650 0 7 |a obecné knižnice  |2 SNKPH  |9 70141 
650 0 7 |a financie  |2 SNKPH  |9 2205 
650 0 7 |a fondy  |2 SNKPH  |9 306658 
650 0 7 |a služby  |2 SNKPH  |9 2356 
773 0 |t Knihovník  |g Roč. 28 , č. 3 (2006), s. 11-14 
852 |a KEVKJB  |b KIS3GCP 
856 4 1 |u http://www.vkjb.sk/vkjb_zdroje/casopis_knihovnik/2006_03/11.pdf 
958 |a KL 
999 |c 2528024  |d 2529954